| 000 | 00697nam a2200217Ia 4500 | ||
|---|---|---|---|
| 001 | 15192 | ||
| 003 | GE_BSU | ||
| 008 | 181216s||||||||xx |||||||||||||| ||und|| | ||
| 040 | _cGE_BSU | ||
| 080 | _a821.353.1-32 | ||
| 100 | _aშამანაძე, ნოდარ | ||
| 245 | _aიმედის მთვარე | ||
| 245 | _bმოთხრობები | ||
| 245 | _cრედ:ნ.იაშვილი; მხატვ: თ.კარბელაშვილი | ||
| 260 | _aთბილისი. | ||
| 260 | _bსაბჭოთა საქართველო | ||
| 260 | _c1984 | ||
| 300 | _a225გვ;22სმ | ||
| 653 | _aმოთხრობები | ||
| 942 | _cBK | ||
| 999 |
_c48305 _d48305 |
||